000 00744nam a2200229Ia 4500
008 160418s9999 xx 000 0 und d
020 _a971-821-029-6
050 _aFIL PL 5665.25
050 _b.M33 2002 c.1
245 _aMabisang retorika sa wikang Filipino :
245 _bbatayan at sanayang-aklat sa Filipino 3, antas-tersyaryo /
245 _cRolando A Ber Bernales… [et al]
260 _aValenzuela City:
260 _bMega-Jesta Prints, Inc.
260 _c2002
300 _a350 pages :
300 _billustrations ;
300 _c25 cm.
500 _aIncludes bibliographical references.
650 _aFilipino language -- Rhetoric -- Study and teaching.
650 _xFilipino language -- Composition and exercises.
999 _c293421
_d293421